| 000 | 00788nam a2200217 i 4500 | ||
|---|---|---|---|
| 001 | 165871 | ||
| 003 | ES-MaACL | ||
| 005 | 20251014063242.0 | ||
| 008 | 050906q1855 sp |||| | spa d | ||
| 100 | 1 |
_aSue, Eugène, _d1804-1857 _9132950 |
|
| 245 | 1 | 3 |
_aEl comendador de Malta / _cpor Eugenio Sue. |
| 250 | _aPublicada con aprobación de la cemsura [sic]. | ||
| 260 |
_a[S.l. : _bs.n., _cca. 1855] |
||
| 300 |
_a149 p. ; _c22 cm. |
||
| 490 | 1 | _aFolletín de las Novedades | |
| 594 | _aDatos tomados de la primera p. de texto. | ||
| 596 | _aPublicado probablemente a mediados del s. XIX. | ||
| 830 | 0 |
_aFolletín de las novedades _9185765 |
|
| 852 |
_aES-MaACL _jG-4762(2) _z- Enc. hol. _z. - Legado M. de la Fuente _q- Ejemp. falto de port. |
||
| 999 |
_c165871 _d165871 |
||